000 00571nam a22001817a 4500
005 20180410155907.0
010 _aENG-122605
020 _c150.00
035 _aEN-106137
037 _bDBAD/PUB
082 _a330.954
100 _aSankarganesh.K
245 _aIndian economy /
_cbyK.Sankarganesh
260 _c2011
_aChennai
_bKavin Mukhil Publications
270 _a13/6,Srijess Apartments,II Floor,8th Cross Street,II Main Road,Shenoy Nagar West,
_bChennai
_e600030
_k09940244576
300 _c22cm(pbk)
_a142p.
942 _cEN
_2ddc
_mSAN
_h330.954
999 _c150983
_d150983